| 000 | 00980nam a2200241 a 4500 | ||
|---|---|---|---|
| 008 | 120416s1997 ||||||||||||||||| || u | ||
| 020 | _a1856490890 | ||
| 050 | _aTJ 807.9.A35 Kar | ||
| 100 | _aRanja, Timothy, 1972- | ||
| 245 | 1 | 0 | _aRenewable energy technologies in Africa |
| 260 |
_aLondon _bZed Books _c1997 |
||
| 300 | _axvi, 269 p. : ill. | ||
| 350 | _a0.00 | ||
| 490 | _aAfrican energy policy research | ||
| 500 | _aBibliography | ||
| 650 | _aENERGY | ||
| 650 | _aRenewable energy sources - Africa | ||
| 700 | _aKarekezi, Stephen | ||
| 710 | _aStockholm Environment Institute | ||
| 710 | _aAfrican Energy Policy Research Network | ||
| 995 |
_aMAIN LIBRARY OPEN ACCESS _D0.00 _e729632 _FCBU-MAIN LIBRARY (Kitwe) _H1 _I85.00 _jTJ 807.9.A35 Kar _M1 _UAVAILABLE _y021819 _ZMain Library Open Access Collection |
||
| 995 |
_aMAIN LIBRARY OPEN ACCESS _D0.00 _e729633 _FCBU-MAIN LIBRARY (Kitwe) _H2 _I85.00 _jTJ 807.9.A35 Kar _M2 _UAVAILABLE _y021827 _ZMain Library Open Access Collection |
||
| 999 |
_c80044 _d80044 |
||